Closed-loop brain stimulation augments fear extinction in male rats

Dysregulated fear reactions can result from maladaptive processing of trauma-related memories. In post-traumatic stress disorder (PTSD) and other psychiatric disorders, dysfunctional extinction learning prevents discretization of trauma-related memory engrams and generalizes fear responses. Although...

Teljes leírás

Elmentve itt :
Bibliográfiai részletek
Szerzők: Sierra Rodrigo Ordoñez
Lizeth Katherine Pedraza Correa
Barcsai Lívia
Pejin Andrea
Li Qun
Kozák Gábor
Takeuchi Yuichi
Nagy Anett Júlia
Lőrincz László Magor
Devinsky Orrin
Buzsáki György
Berényi Antal
Dokumentumtípus: Cikk
Megjelent: 2023
Sorozat:NATURE COMMUNICATIONS 14 No. 1
Tárgyszavak:
doi:10.1038/s41467-023-39546-7

mtmt:34049040
Online Access:http://publicatio.bibl.u-szeged.hu/36751
LEADER 02560nab a2200349 i 4500
001 publ36751
005 20250517082559.0
008 250517s2023 hu o 000 eng d
022 |a 2041-1723 
024 7 |a 10.1038/s41467-023-39546-7  |2 doi 
024 7 |a 34049040  |2 mtmt 
040 |a SZTE Publicatio Repozitórium  |b hun 
041 |a eng 
100 1 |a Sierra Rodrigo Ordoñez 
245 1 0 |a Closed-loop brain stimulation augments fear extinction in male rats  |h [elektronikus dokumentum] /  |c  Sierra Rodrigo Ordoñez 
260 |c 2023 
300 |a 14 
490 0 |a NATURE COMMUNICATIONS  |v 14 No. 1 
520 3 |a Dysregulated fear reactions can result from maladaptive processing of trauma-related memories. In post-traumatic stress disorder (PTSD) and other psychiatric disorders, dysfunctional extinction learning prevents discretization of trauma-related memory engrams and generalizes fear responses. Although PTSD may be viewed as a memory-based disorder, no approved treatments target pathological fear memory processing. Hippocampal sharp wave-ripples (SWRs) and concurrent neocortical oscillations are scaffolds to consolidate contextual memory, but their role during fear processing remains poorly understood. Here, we show that closed-loop, SWR triggered neuromodulation of the medial forebrain bundle (MFB) can enhance fear extinction consolidation in male rats. The modified fear memories became resistant to induced recall (i.e., ‘renewal’ and ‘reinstatement’) and did not reemerge spontaneously. These effects were mediated by D2 receptor signaling-induced synaptic remodeling in the basolateral amygdala. Our results demonstrate that SWR-triggered closed-loop stimulation of the MFB reward system enhances extinction of fearful memories and reducing fear expression across different contexts and preventing excessive and persistent fear responses. These findings highlight the potential of neuromodulation to augment extinction learning and provide a new avenue to develop treatments for anxiety disorders. 
650 4 |a Általános orvostudomány 
700 0 2 |a Lizeth Katherine Pedraza Correa  |e aut 
700 0 2 |a Barcsai Lívia  |e aut 
700 0 2 |a Pejin Andrea  |e aut 
700 0 2 |a Li Qun  |e aut 
700 0 2 |a Kozák Gábor  |e aut 
700 0 2 |a Takeuchi Yuichi  |e aut 
700 0 2 |a Nagy Anett Júlia  |e aut 
700 0 2 |a Lőrincz László Magor  |e aut 
700 0 2 |a Devinsky Orrin  |e aut 
700 0 2 |a Buzsáki György  |e aut 
700 0 2 |a Berényi Antal  |e aut 
856 4 0 |u http://publicatio.bibl.u-szeged.hu/36751/1/34049040.pdf  |z Dokumentum-elérés